| 000 | 00605nam a2200181 i 4500 | ||
|---|---|---|---|
| 001 | 149736 | ||
| 003 | ES-MaACL | ||
| 005 | 20260201162640.0 | ||
| 007 | t| | ||
| 008 | 071024s1957 sp ||||1| spa d | ||
| 100 | 1 |
_aVaudoyer, Jean-Louis. _9113311 |
|
| 245 | 1 | 3 |
_aEl desnudo femenino en la pintura europea / _cJean-Louis Vaudoyer ; [traducción del francés por Agustín Caballero Robredo]. |
| 260 |
_aMadrid : _bAguilar, _c1957. |
||
| 300 |
_a14 p., 142 lám. ; _c28 cm. |
||
| 700 | 0 |
_aCaballero Robredo, Agustín _933117 |
|
| 852 |
_aES-MaACL _jC-14134 _bR.41517 |
||
| 999 |
_c149736 _d149736 |
||